Southville International School and Colleges
Your cart is empty.
  • Cart
  • Lists
    Public lists Eva Luna New books Lux_list list_1
    Your lists Log in to create your own lists
  • Log in to your account
  • Your cookies
  • Search history
Southville International School and Colleges
  • Advanced search
  • Recent comments
  • Most popular
  • Libraries

Log in to your account

Log in with GOOGLE


If you do not have an external account, but do have a local account, you can still log in:

  1. Home
  2. MARC view: Spirit
Normal view MARC view ISBD view

Spirit (Record no. 11437)

[ view plain ]
MARC details
000 -LEADER
fixed length control field 00998cam a2200313 a 4500
001 - CONTROL NUMBER
control field 13274493
003 - CONTROL NUMBER IDENTIFIER
control field OSt
005 - DATE AND TIME OF LATEST TRANSACTION
control field 20160222135755.0
008 - FIXED-LENGTH DATA ELEMENTS--GENERAL INFORMATION
fixed length control field 030714s2002 nyu j b 000 0 eng d
010 ## - LIBRARY OF CONGRESS CONTROL NUMBER
LC control number 2003272142
020 ## - INTERNATIONAL STANDARD BOOK NUMBER
International Standard Book Number 9780439404631
035 ## - SYSTEM CONTROL NUMBER
System control number (OCoLC)ocm51101403
040 ## - CATALOGING SOURCE
Original cataloging agency IHI
Transcribing agency IHI
Modifying agency XY4
-- DLC
042 ## - AUTHENTICATION CODE
Authentication code lccopycat
-- lcac
050 00 - LIBRARY OF CONGRESS CALL NUMBER
Classification number BF 697
Item number .K52 2002
082 ## - DEWEY DECIMAL CLASSIFICATION NUMBER
Classification number FIC
Item number K56 2002
100 1# - MAIN ENTRY--PERSONAL NAME
Personal name Kim, Jeannie.
9 (RLIN) 20235
245 10 - TITLE STATEMENT
Title Spirit
Statement of responsibility, etc by Jeannie Kim.
260 ## - PUBLICATION, DISTRIBUTION, ETC. (IMPRINT)
Place of publication, distribution, etc New York :
Name of publisher, distributor, etc Scholastic Inc.,
Date of publication, distribution, etc c2002.
300 ## - PHYSICAL DESCRIPTION
Extent 152 p. ;
Dimensions 20 cm.
490 1# - SERIES STATEMENT
Series statement The whole you : a guide to life
650 #0 - SUBJECT ADDED ENTRY--TOPICAL TERM
Topical term or geographic name as entry element Identity (Psychology)
Form subdivision Juvenile literature.
9 (RLIN) 20238
800 1# - SERIES ADDED ENTRY--PERSONAL NAME
Personal name Kim, Jeannie.
Title of a work Whole you.
9 (RLIN) 20239
856 42 - ELECTRONIC LOCATION AND ACCESS
Materials specified Publisher description
Uniform Resource Identifier <a href="http://www.loc.gov/catdir/description/schol051/2003272142.html">http://www.loc.gov/catdir/description/schol051/2003272142.html</a>
906 ## - LOCAL DATA ELEMENT F, LDF (RLIN)
a 7
b cbc
c copycat
d 2
e ncip
f 20
g y-gencatlg
942 ## - ADDED ENTRY ELEMENTS (KOHA)
Source of classification or shelving scheme Library of Congress Classification
Koha item type Books
Holdings
Withdrawn status Lost status Source of classification or shelving scheme Damaged status Home library Current library Shelving location Date acquired Source of acquisition Total Checkouts Total Renewals Full call number Barcode Date last seen Date checked out Copy number Price effective from Koha item type
    Library of Congress Classification   Luxembourg Library Luxembourg Library Fiction Section 09/16/2013 Donation 1 1 BF 697 .K52 2002 17873 07/03/2015 06/26/2015 1 09/16/2013 Books

Spirit

APA

Kim J., . (2002). Spirit. New York: Scholastic Inc.

Chicago

Kim Jeannie, . 2002. Spirit. New York: Scholastic Inc.

Harvard

Kim J., . (2002). Spirit. New York: Scholastic Inc.

MLA

Kim Jeannie, . Spirit. New York: Scholastic Inc. 2002.

  • Place hold
  • Print
  • Cite
  • Add to your cart (remove)
  • Save record
    BIBTEX Dublin Core MARCXML MARC (non-Unicode/MARC-8) MARC (Unicode/UTF-8) MARC (Unicode/UTF-8, Standard) MODS (XML) RIS
  • More searches
    Search for this title in:
    Other Libraries (WorldCat) Other Databases (Google Scholar) Online Stores (Bookfinder.com) Open Library (openlibrary.org)

Exporting to Dublin Core...

SOUTHVILLE LIBRARY

Southville International School and Colleges Library

1281 Tropical Ave. Cor. Luxembourg St., BF Homes International, Las Pinas City

Tel. No. 8256374 / 252358 Loc. 117/146

Powered by Koha